The complete book of hairstyling (Record no. 33096)

MARC details
000 -LEADER
fixed length control field 00464nam a22001817a 4500
005 - DATE AND TIME OF LATEST TRANSACTION
control field 20230905190838.0
008 - FIXED-LENGTH DATA ELEMENTS--GENERAL INFORMATION
fixed length control field 230720b |||||||| |||| 00| 0 eng d
020 ## - INTERNATIONAL STANDARD BOOK NUMBER
ISBN 9781552975763
082 ## - DEWEY DECIMAL CLASSIFICATION NUMBER
Classification number 646.724
Item number WOR-T
100 ## - MAIN ENTRY--AUTHOR
Author Name Worthington, Charles
245 ## - TITLE STATEMENT
Title The complete book of hairstyling
260 ## - PUBLICATION, DISTRIBUTION, ETC.
Place of Publication New York
Name of publisher, distributor, etc. Firefly Books
Date of publication, distribution, etc. 2009
300 ## - PHYSICAL DESCRIPTION
Pages 304
500 ## - GENERAL NOTE
General note include index
650 ## - SUBJECT ADDED ENTRY--TOPICAL TERM
Subject / Department Architecture
700 ## - ADDED ENTRY--PERSONAL NAME
Personal name Charles Worthington
952 ## - LOCATION AND ITEM INFORMATION (KOHA)
-- 0
-- 0
Holdings
Lost status Damaged status Permanent Location Current Location Shelving Location Date acquired Full Call Number Accession No./Barcode Date last seen item type
    Superior Information Resource Center (SIRC) Superior University- Main Campus Superior Information Resource Center (SIRC) Superior University- Main Campus Architecture 07/20/2023 646.724 WOR-T 2009 20228 04/29/2025 BOOK

Powered by Koha